AC Chievo Verona Squad 2015-2016 - Statistics

General Stats
  • This quiz has been taken 20 times
  • The average score is 14 of 30
Answer Stats
# Position Nation Player % Correct
31 FW Italy Sergio Pellissier
100%
23 MF Slovenia Valter Birsa
85%
69 FW Italy Riccardo Meggiorini
77%
1 GK Argentina Albano Bizzarri
69%
29 DF Italy Fabrizio Cacciatore
69%
21 DF France Nicolas Frey
69%
56 MF Finland Përparim Hetemaj
69%
5 DF Italy Alessandro Gamberini
62%
19 MF Argentina Lucas Castro
62%
13 MF Argentina Mariano Izco
62%
2 DF Argentina Nicolás Spolli
62%
- Coach Italy Rolando Maran
62%
12 DF Slovenia Boštjan Cesar
54%
3 DF Italy Dario Dainelli
54%
8 MF Serbia Ivan Radovanović
54%
45 FW Italy Roberto Inglese
54%
43 FW Italy Alberto Paloschi
46%
83 FW Italy Antonio Floro Flores
46%
20 DF Italy Gennaro Sardo
46%
18 DF Italy Massimo Gobbi
46%
40 FW DR Congo Paul-José M'Poku
38%
4 MF Italy Nicola Rigoni
31%
90 GK Italy Andrea Seculin
15%
10 MF Denmark Anders Christiansen
8%
6 MF Italy Giampiero Pinzi
8%
7 FW Italy Simone Pepe
8%
32 GK Italy Walter Bressan
8%
11 DF Italy Federico Mattiello
0%
36 DF Italy Filippo Costa
0%
10 MF Serbia Nikola Ninković
0%
No matching quizzes found
Score Distribution
Percent of People with Each Score
Percentile by Number Answered
Your Score History
You have not taken this quiz